History Quiz

Random History or Clickable Quiz

The French Revolution and Napoleon (19) Quiz Stats

 Plays Quiz not verified by Sporcle

Challenge
Share
Tweet
Embed
Score 0/53 Timer 20:00
0 Plays Today
% Correct
United States
84.8%
Bread
78.2%
Tennis Court Oath
69.6%
Declaration of the Rights of Man and the Citizen
66.5%
King Louis XVI
65%
Revolution
64.4%
Sans-culottes
64.2%
True
63.9%
Battle of Waterloo
62.6%
False
62.3%
Women
61.2%
True
60.4%
True
60.4%
Haiti
60%
Civil Constitution of the Clergy
59.3%
Hitler, Adolf
59.1%
Liberte, Egalite, Fraternite
58.9%
Notre Dame
58.6%
Reign of Terror
57.8%
Estates-General
57.4%
King Louis XVIII
56.8%
Robespierre, Maximilien
56.3%
Code Napoleon (Civil Code)
55.9%
Cahiers de Doleances
55.5%
False
55%
De-Christianization
55%
Congress of Vienna
54.9%
% Correct
Bastille
53.5%
Jacobins
51.9%
Nation in Arms
51.7%
Philosophes
50.7%
Old Order
50%
False
50%
Committee of Public Safety
49.9%
True
49.3%
Thermidorean Reaction
49.3%
Nationalism
49.2%
Continental System
48.4%
Segur Law
48.3%
National Assembly
48%
Great Fear
47.5%
Great Britain
46.3%
Legislative Assembly
46.1%
Prefects
44%
Coup d'etat
43.4%
Russia
43.3%
Directory
40.7%
False
40.7%
Austria
37.7%
Parlements
36.8%
Vendee
33.6%
Mountain
28.8%
Danton, Georges
20.6%

You're not logged in!

Compare scores with friends on all Sporcle quizzes.
OR
Log In

You Might Also Like...

Show Comments

Extras

Top Quizzes Today


Score Distribution

Your Account Isn't Verified!

In order to create a playlist on Sporcle, you need to verify the email address you used during registration. Go to your Sporcle Settings to finish the process.

Report this User

Report this user for behavior that violates our Community Guidelines.

Details: